000 00488nam a2200169Ia 4500
999 _c21237
_d21237
003 OSt
005 20200605122621.0
008 190216s9999||||xx |||||||||||||| ||und||
020 _a9788130703282
040 _coclc
082 _a323.34
_bCHA/W
100 _aChanna, Subhadra
_92529
245 0 _aWomen And Human Rights /
_cSubhadra Channa
260 _bCosmo Publications,
_c2006.
_aNew Delhi:
300 _a307p
942 _cBK
_2ddc
_h323.34
_iCHA/W
_k323.34
_mCHA/W